000 01275cab a22002055a 4500
001 L154584
008 120103e2011 xxk 000 0 eng d
035 _a(Sirsi) u154584
041 0 _aeng
245 0 0 _aCleaver and ors v Schyde Investments Ltd
_h[electronic resource]
260 _c2011
520 _a[2011] EWCA Civ 929, 29 July 2011. Considers whether the standard limitation on terminating a contract for misrepresentation is reasonable. Respondent S agreed terms with appellant C in 2007 for the sale of a potential development site. C contended that S tried to back out of its agreement to purchase after the disclosure of a second application from another potential purchaser and because of a fall in the property market. C appealed. "Held": Appeal dismissed. S was allowed to terminate its purchase because the second, originally undisclosed, application affected S's own plans.
590 _aKA
650 2 4 _aCLEAVER AND ORS V SCHYDE INVESTMENTS LTD
650 2 4 _aUNFAIR CONTRACT TERMS ACT 1977 S11(1)
651 4 _aEngland and Wales
_y1543-
690 _aPROPERTY-RESIDENTIAL PROPERTY-RESIDENTIAL PROPERTY DEVELOPMENT
856 4 0 _uhttps://www.bailii.org/ew/cases/EWCA/Civ/2011/929.html
_zView the law report free of charge at www.bailii.org
942 _n0
999 _c83678
_d83678